Geography Quiz

Random Geography or Asia Quiz

Quick pick: GCC Countries Quiz Stats

 Plays Quiz not verified by Sporcle

Score 0/6 Timer 00:45
0 Plays Today
% Correct
United Arab Emirates
88.8%
Kuwait
85.8%
Saudi Arabia
82.8%
Oman
78.7%
Qatar
75.4%
Bahrain
73.1%

You're not logged in!

Compare scores with friends on all Sporcle quizzes.
OR
Log In

Sporcle TV

Today on Sporcle TV


Watch our educational content, quiz creation guides, and fun videos on Sporcle TV.

Show Comments

Extras

Top Quizzes Today


Score Distribution

Your Account Isn't Verified!

In order to create a playlist on Sporcle, you need to verify the email address you used during registration. Go to your Sporcle Settings to finish the process.

Report this User

Report this user for behavior that violates our Community Guidelines.

Details: